[Event "RUS-ch Rapid Men 2018"]
[Site "Sochi"]
[Date "2018.10.05"]
[Round "5"]
[White "Sychev, Klementy"]
[Black "Ivlev, Aleksey"]
[Result "1-0"]
[WhiteElo "2534"]
[BlackElo "2326"]
[Annotator "TA"]
[PlyCount "103"]
[EventDate "2018.10.05"]
[EventType "swiss"]
[EventCountry "RUS"]
[SourceTitle "playchess.com"]
[Source "ChessBase"]
[SourceQuality "1"]

{[%evp 18,103,19,14,18,4,20,14,22,16,76,73,65,67,86,95,95,48,47,43,36,26,31,27,59,51,58,47,68,38,146,144,236,225,235,229,227,231,225,225,234,241,249,238,209,148,158,115,115,114,100,98,106,15,15,15,15,0,0,0,16,14,15,15,15,15,15,0,0,0,22,20,22,0,25,0,67,67,67,89,116,141,140,140,237,196,29985,29986]} 1. e4 e5 2. Nf3 Nc6 3. Bb5 a6 4. Ba4 Nf6 5. O-O b5 6. Bb3 Be7 7. a4 b4 8. d3 O-O 9. Nbd2 d6 10. a5 Be6 {C84: Closed Ruy Lopez: Unusual White 6th moves} (10... h6 11. Re1 Rb8 12. h3 Be6 13. Ba4 Nxa5 14. d4 c5 15. dxe5 dxe5 16. Nxe5 c4 17. Qe2 Rc8 18. Ndf3 {½-½ (25) Vitiugov,N (2730)-Tomashevsky,E (2702) Satka 2018}) 11. Nc4 h6 12. h3 Nd7 {The position is equal.} 13. Be3 Kh8 $146 (13... Bf6 $11 {remains equal.}) ({Predecessor:} 13... Bf6 14. Ba4 Ne7 15. Qe2 {0-1 (53) Kuipers,S (2408)-Schoppen,C (2337) Groningen 2016}) 14. c3 $16 bxc3 15. bxc3 Bf6 16. d4 exd4 17. cxd4 {Strongly threatening d5.} d5 18. Ncd2 Nb4 19. exd5 Nxd5 20. Rc1 Re8 21. Nc4 Rb8 22. Ba4 Re7 23. Re1 Rb4 ({Black should try} 23... c5 $14) 24. Bd2 Rxc4 (24... Rb8 $16) 25. Rxc4 $18 Ne3 26. fxe3 {[%cal Bf2e3,Be3e4][%mdl 32]} Bxc4 27. Qc2 Bd5 28. e4 Ba8 29. Bc6 Bxc6 30. Qxc6 Re6 31. Qc4 Bh4 32. Nxh4 Qxh4 33. Qxc7 Nf6 34. Qxf7 Rxe4 35. Rf1 (35. Rxe4 $16 Qxe4 36. Qa7) 35... Rxd4 $11 36. Bc3 {Black must now prevent Qc7.} Rf4 37. Bxf6 {[%csl Gf6][%cal Rf7g7]} Rxf1+ 38. Kxf1 {[%csl Gf6][%cal Rf7g7]} gxf6 {[%mdl 4096] Endgame KQ-KQ} 39. Qe8+ Kg7 40. Qd7+ Kg6 41. Qd3+ Kg7 $1 42. Qd7+ Kg6 43. Qd3+ Kg7 $1 44. Qxa6 Qf4+ 45. Ke1 {Threatens to win with Qb7+.} Qe4+ 46. Qe2 Qh4+ (46... Qb1+ $11 47. Kf2 Qf5+ 48. Kg3 Qxa5) 47. Kf1 $14 Qf4+ 48. Qf2 Qe5 49. Qe1 Qb5+ {[#]} 50. Kg1 $1 Qc5+ {[#]} (50... h5 $16 51. Qe7+ Kg6) 51. Kh2 $1 $18 Qc7+ $2 (51... Kf7 $18 52. Qa1 Qd6+ 53. Kg1 Qa6) 52. Qg3+ {Precision: White = 65%, Black = 42%.} 1-0

[Event "RUS-ch Rapid Men 2018"]
[Site "Sochi"]
[Date "2018.10.05"]
[Round "5"]
[White "Shcherbakov, Ruslan"]
[Black "Miroshnichenko, Pavel"]
[Result "1/2-1/2"]
[WhiteElo "2516"]
[BlackElo "2275"]
[Annotator "TA"]
[PlyCount "62"]
[EventDate "2018.10.05"]
[EventType "swiss"]
[EventCountry "RUS"]
[SourceTitle "playchess.com"]
[Source "ChessBase"]
[SourceQuality "1"]

{[%evp 22,62,32,20,41,37,43,38,50,34,46,33,35,22,27,0,0,14,12,0,0,0,0,0,0,0,0,0,0,0,0,0,0,0,0,0,0,0,0,0,0,0,0]} 1. e4 e5 2. Nf3 Nc6 3. Bc4 Bc5 4. d3 Nf6 5. c3 O-O 6. Nbd2 a6 7. O-O d6 8. Bb3 Ba7 9. h3 Ne7 10. d4 {C54: Giuoco Piano: 4 c3 Nf6, main lines with 5 d4 and 5 d3} Ng6 (10... exd4 11. cxd4 d5 12. e5 Ne4 13. Re1 Bf5 14. Bc2 Nxd2 15. Bxd2 Qd7 16. Rc1 c6 17. Bb4 Rfe8 {0-1 (35) Onischuk,V (2613)-Karjakin,S (2774) Almaty 2016}) 11. Re1 h6 12. Nf1 {LiveBook: 33 Games. White is slightly better.} exd4 13. cxd4 d5 14. e5 Ne4 15. Ng3 $146 ({Predecessor:} 15. Be3 c6 16. N3d2 f5 17. exf6 Nxf6 18. Ng3 {½-½ (47) Karpov,A (2335)-Stoinev,M (2230) Tuzla 1991}) 15... Nxg3 16. fxg3 Bf5 17. Bc2 Qd7 18. g4 Bxc2 {The position is equal.} 19. Qxc2 Rfe8 {[#] aiming for ...Nxe5!} 20. Be3 c5 21. Rad1 cxd4 22. Bxd4 Rac8 23. Qf5 Bxd4+ 24. Rxd4 Qe6 25. Rd2 Rc4 26. Kh1 (26. Nd4 {is interesting.} Qxf5 27. Nxf5 b5 28. Kf2 Rc5 29. b4) 26... Re4 27. Rxe4 dxe4 28. Qxe4 Nxe5 29. Nxe5 Qxe5 30. Qxe5 Rxe5 31. Rd7 b5 {Precision: White = 82%, Black = 76%.} 1/2-1/2

[Event "RUS-ch Rapid Men 2018"]
[Site "Sochi"]
[Date "2018.10.05"]
[Round "5"]
[White "Potapov, Pavel"]
[Black "Taysayev, Timur"]
[Result "1-0"]
[WhiteElo "2515"]
[BlackElo "2225"]
[Annotator "TA"]
[PlyCount "95"]
[EventDate "2018.10.05"]
[EventType "swiss"]
[EventCountry "RUS"]
[SourceTitle "playchess.com"]
[Source "ChessBase"]
[SourceQuality "1"]

{[%evp 15,95,22,14,17,28,31,93,102,102,92,96,89,86,77,98,87,246,246,229,170,182,161,177,121,117,108,108,91,101,95,108,44,51,46,49,48,48,27,20,20,21,27,20,15,22,16,52,54,43,42,45,44,131,140,140,137,139,134,187,166,376,186,180,168,327,316,303,256,513,449,429,442,616,610,665,636,803,720,673,662,5828,410]} 1. e4 c5 2. Nf3 d6 3. Nc3 Nf6 4. e5 dxe5 5. Nxe5 Nbd7 6. Nc4 e6 7. Be2 {B50: Sicilian: 2...d6, Miscellaneous} Be7 8. O-O O-O {LiveBook: 6 Games} 9. Bf3 {The position is equal.} (9. d3 Nb6 10. Bf3 Nbd5 11. Bd2 b6 12. Nxd5 Nxd5 13. Ne5 Bb7 14. c4 Qc7 15. cxd5 Qxe5 16. Bc3 Qd6 17. dxe6 Bxf3 18. Qxf3 fxe6 19. Qe4 Rad8 20. Rae1 Bf6 21. Re3 {½-½ (21) Zvjaginsev,V (2673)-Oparin,G (2626) Moscow 2016}) 9... Rb8 10. a4 {[%cal Ba2a4,Ba4a5][%mdl 32]} b6 $146 (10... Nb6 $14 11. d3 Nbd5) ({Predecessor:} 10... Nb6 11. Ne3 Nbd7 {½-½ (17) Xu,H (2290)-Zhou,J (2473) Wuxi 2005}) 11. d3 $16 Bb7 12. Bf4 Bxf3 13. Qxf3 Ra8 14. a5 Re8 15. Rfe1 Qc8 $2 {[#]} (15... a6 $16) 16. Nb5 $1 $18 {aiming for axb6.} Rf8 17. Ncd6 Qd8 18. Nb7 Qc8 19. N5d6 (19. axb6 $18 {And now N7d6 would win.} Nxb6 20. N5d6 (20. Rxa7 Rxa7 21. Nxa7 Qa8 $11)) 19... Bxd6 $16 20. Bxd6 Re8 21. Bg3 Rf8 22. Nd6 Qd8 23. Qb7 ({White should play} 23. Ra3 $16) 23... Nh5 $14 24. axb6 Nxg3 25. hxg3 Nxb6 {[%cal Bd7b6,Bb6c4,Bc4a3][%mdl 32]} 26. Ne4 c4 27. dxc4 Nxc4 28. Red1 Qb6 29. Qxb6 axb6 30. b3 $36 {[%mdl 2048] White has the initiative.} Na3 31. c4 Nc2 32. Rxa8 Rxa8 {[%mdl 4096] Endgame KRN-KRN} 33. Rd7 e5 (33... Ra1+ $14 34. Kh2 h6) 34. Rb7 $16 Nd4 35. Rxb6 f5 36. Nd6 g6 (36... Kf8 $16 {might work better.}) 37. c5 $18 Ra1+ 38. Kh2 {Strongly threatening c6.} Rc1 39. b4 {Threatens to win with b5.} f4 $2 {[#]} (39... Kg7 40. g4 fxg4) 40. gxf4 exf4 41. Ne4 Re1 $2 (41... Kf7 {was necessary.} 42. Rf6+ Ke7) 42. f3 {White is clearly winning.} Re2 43. Kh3 h5 44. Rxg6+ Kh7 45. Rb6 Nf5 46. Nf6+ Kg6 47. Nd5+ Kg5 48. Rg6+ {Precision: White = 71%, Black = 40%.} (48. Nc3 $142 Re3 49. Ne4+ Rxe4 50. fxe4) 1-0

[Event "RUS-ch Rapid Men 2018"]
[Site "Sochi"]
[Date "2018.10.05"]
[Round "5"]
[White "Demidov, Mikhail"]
[Black "Morozevich, Alexander"]
[Result "0-1"]
[WhiteElo "2514"]
[BlackElo "2656"]
[Annotator "TA"]
[PlyCount "115"]
[EventDate "2018.10.05"]
[EventType "swiss"]
[EventCountry "RUS"]
[SourceTitle "playchess.com"]
[Source "ChessBase"]
[SourceQuality "1"]

{[%evp 13,115,14,17,13,18,12,20,7,27,-18,12,-10,-10,-9,-16,-8,-16,-14,17,13,21,24,15,-31,36,31,39,23,94,89,97,97,103,54,101,46,33,39,27,35,32,26,43,0,37,37,37,37,32,32,37,5,4,6,1,5,2,2,4,0,0,0,18,5,0,0,0,0,0,0,0,0,0,0,0,0,0,-38,-35,-437,-79,-769,351,-845,-171,-702,-659,-943,-172,-186,-189,-995,-34,-27,-59,-2290,68,-70,-69,-270,-267,-4602,-3211,-2556]} 1. Nf3 d5 2. d4 Bf5 3. Bf4 e6 4. e3 Bd6 5. Bxd6 Qxd6 6. c4 {D02: 1 d4 d5 2 Nf3 sidelines, including 2...Nf6 3 g3 and 2...Nf6 3 Bf4} c6 7. Nc3 Nd7 {LiveBook: 8 Games} 8. Bd3 {The position is equal.} (8. Nh4 Bg6 9. Qb3 Rb8 10. Be2 Ngf6 11. O-O Ne4 12. Rad1 a6 13. g3 {½-½ (28) Fridman,D (2636)-Indjic,A (2600) Saint Louis 2018}) 8... Bg4 9. h3 $146 ({Predecessor:} 9. c5 Qc7 10. h3 Bh5 11. b4 f5 12. b5 Ngf6 13. bxc6 bxc6 {0-1 (40) Wladyka,A (1640)-Graczyk,N (1637) Chelm Lubelski 2010}) 9... Bh5 10. Qb3 Rb8 11. a4 a5 (11... Bxf3 {with more complications.} 12. gxf3 dxc4 13. Bxc4 Ngf6 14. O-O O-O) 12. Qa3 (12. Nd2 {seems wilder.} Ne7 13. O-O O-O 14. Qc2 Bg6 15. Rfe1) 12... Qxa3 13. Rxa3 dxc4 14. Bxc4 Bxf3 15. gxf3 e5 16. Ne4 $36 {[%mdl 2048] White fights for an advantage.} Ke7 17. Ng5 Nh6 18. Ke2 Rhd8 (18... Nb6 $15 19. Ba2 exd4) 19. dxe5 $14 Nxe5 20. Ba2 f6 (20... Nf5 $11) 21. Ne6 $16 Rd6 22. f4 ({Much weaker is} 22. Nxg7 $6 Rbd8 $11) 22... Ng6 23. Nc5 (23. Nxg7 {is interesting.} Rbd8 24. Rb1 Nh4 25. Rc3 Rd2+ 26. Kf1) 23... Rbd8 {[#]} 24. Rd3 ({Reject} 24. Nxb7 Rd2+ 25. Kf1 Ra8 $15) (24. Rb1 $1 $16) 24... Rxd3 $14 25. Nxd3 Nf5 26. Rc1 Nd6 27. Rg1 b6 28. b4 Ra8 (28... Ne4 $5 {[%cal Re4c3]} 29. Bb3 axb4 $11) 29. Bb3 Kd7 30. h4 {Hoping for h5.} Nf5 31. h5 Nge7 32. Bc2 g6 33. hxg6 hxg6 34. bxa5 Rxa5 35. Rb1 Nd5 {[#] ...Nc3+ is the strong threat.} 36. Kd2 {aiming for e4.} Nd6 37. Rg1 Ne4+ 38. Kc1 Ne7 39. Kb2 Rh5 40. Rg2 Nd6 41. Ne1 Rh6 42. Bd3 c5 43. Nf3 c4 44. Bc2 Kc6 45. e4 Kc5 46. Ne5 $2 {[%mdl 8192]} (46. e5 $15 Ne8 47. Rg1) 46... Kb4 $2 (46... fxe5 $19 {has better winning chances.} 47. fxe5 Nf7) 47. Nxg6 $2 {[%mdl 8192]} (47. Ng4 $17 Rh4 48. e5 (48. Nxf6 c3+ 49. Ka2 Rxf4 $15) 48... fxe5 49. fxe5) 47... Nd5 $4 {[%mdl 8192]} (47... c3+ $19 {avoids the disaster.} 48. Ka2 Nxg6) 48. Rg5 $4 {[%mdl 8192]} (48. exd5 $18 Rh5 49. Ne7) 48... Nc3 $2 (48... fxg5 49. exd5 gxf4 50. Nxf4 Rf6) 49. Ne5 $2 (49. Rg2) 49... Nxa4+ $19 50. Ka2 b5 $2 (50... fxg5 51. Nc6+ Kc5) 51. Nc6+ Kc3 52. Bxa4 $2 (52. Rd5 Kxc2 53. Rxd6) 52... bxa4 $2 {[%mdl 4096] Endgame KRN-KRN} (52... fxg5 $19 53. e5 Ne4 54. Bxb5 Rh8) 53. Rg3+ $15 Kd2 54. Ne5 $2 {[%mdl 8192]} (54. e5 $15 fxe5 55. Nxe5) 54... c3 $2 (54... fxe5 $19 55. fxe5 Nb5) 55. Nf3+ ({White must play} 55. Rd3+ $14 Ke2 56. Rxd6) 55... Kd3 56. Ne5+ $2 ({White should play} 56. e5 $15 Nf5 57. Ne1+ Kd2 58. Rd3+ Kxe1 59. Rxc3) 56... Kc2 $19 57. Ka3 $2 (57. Nd3 Nxe4 58. Nb4+ Kc1 59. Re3) 57... Nxe4 58. Rf3 {Precision: White = 32%, Black = 39%.} 0-1

[Event "RUS-ch Rapid Men 2018"]
[Site "Sochi"]
[Date "2018.10.05"]
[Round "5"]
[White "Khanin, Semen"]
[Black "Alexeev, Alexey"]
[Result "1-0"]
[WhiteElo "2510"]
[BlackElo "2287"]
[Annotator "TA"]
[PlyCount "33"]
[EventDate "2018.10.05"]
[EventType "swiss"]
[EventCountry "RUS"]
[SourceTitle "playchess.com"]
[Source "ChessBase"]
[SourceQuality "1"]

{[%evp 18,33,20,2,5,-44,24,16,61,42,56,62,89,89,357,352,470,469]} 1. e4 e5 2. Nf3 Nc6 3. Bb5 a6 4. Ba4 Nf6 5. O-O Be7 6. d3 b5 7. Bb3 O-O 8. Nc3 d6 9. a3 Nb8 {C77: Ruy Lopez: 3...a6 4 Ba4 Nf6, unusual lines} (9... h6 10. Be3 Re8 11. a4 b4 12. Nd5 Na5 13. Ba2 Nxd5 14. Bxd5 c6 15. Ba2 c5 16. Nd2 Bg5 17. f4 exf4 18. Bxf4 {1-0 (44) Vachier Lagrave,M (2779)-Caruana,F (2822) Saint Louis 2018}) 10. Ng5 {LiveBook: 3 Games} h6 11. f4 Nbd7 $146 (11... exf4 $15 12. Nxf7 Rxf7 13. Bxf4 Nc6) ({Predecessor:} 11... hxg5 12. fxg5 Ng4 13. Rf5 Bxf5 14. exf5 Bxg5 15. Qxg4 Bxc1 16. Rxc1 Nd7 17. Rf1 {0-1 (37) Tan,J (2417)-Naroditsky,D (2622) Helsingor 2015}) 12. Nf3 $11 Re8 13. Ba2 Bf8 14. Qe1 c6 15. Qg3 Nh5 $2 {[%mdl 8192]} (15... d5 $16 {might work better.}) 16. Qg6 $1 $18 {[%cal Rg6f7]} Ndf6 {[#] aiming for ...d5.} 17. Bxf7+ 1-0

[Event "RUS-ch Rapid Men 2018"]
[Site "Sochi"]
[Date "2018.10.05"]
[Round "5"]
[White "Gabrielian, Artur"]
[Black "Chizhikov, Vladislav"]
[Result "1-0"]
[WhiteElo "2499"]
[BlackElo "2304"]
[Annotator "ChessBase"]
[PlyCount "71"]
[EventDate "2018.10.05"]
[EventType "swiss"]
[EventCountry "RUS"]
[SourceTitle "playchess.com"]
[Source "ChessBase"]
[SourceQuality "1"]
[TimeControl "900+10"]

1. e4 {[%emt 0:00:00]} e6 {[%emt 0:00:00]} 2. d4 {[%emt 0:00:00]} d5 {[%emt 0:00:00]} 3. Nd2 {[%emt 0:00:00]} dxe4 {[%emt 0:00:00]} 4. Nxe4 {[%emt 0:00:00]} Nd7 {[%emt 0:00:00]} 5. Nf3 {[%emt 0:00:05]} Ngf6 {[%emt 0:00:02]} 6. Nxf6+ {[%emt 0:00:54]} Nxf6 {[%emt 0:00:03]} 7. Be3 {[%emt 0:00:19]} Nd5 {[%emt 0:00:17]} 8. Bd2 {[%emt 0:00:02]} c5 {[%emt 0:00:38]} 9. c4 {[%emt 0:00:27]} Nf6 {[%emt 0:00:11]} 10. dxc5 {[%emt 0:01:34]} Bxc5 {[%emt 0:00:09]} 11. b4 {[%emt 0:00:48]} Bd4 {[%emt 0:00:42]} 12. Nxd4 {[%emt 0:00:22]} Qxd4 {[%emt 0:00:02]} 13. Rc1 {[%emt 0:00:40]} O-O {[%emt 0:01:16]} 14. Be3 {[%emt 0:00:30]} Qb2 {[%emt 0:01:09]} 15. Qb3 {[%emt 0:00:29]} Qxb3 {[%emt 0:00:02]} 16. axb3 {[%emt 0:00:01]} b6 {[%emt 0:00:02]} 17. Be2 {[%emt 0:00:18]} Bb7 {[%emt 0:00:02]} 18. f3 {[%emt 0:00:02]} Rfc8 {[%emt 0:01:10]} 19. Kf2 {[%emt 0:00:10]} Kf8 {[%emt 0:00:02]} 20. Rhd1 {[%emt 0:00:07]} Ke7 {[%emt 0:00:03]} 21. b5 {[%emt 0:02:02]} a6 {[%emt 0:00:21]} 22. Bxb6 {[%emt 0:01:00]} axb5 {[%emt 0:00:03]} 23. cxb5 {[%emt 0:00:01]} Nd5 {[%emt 0:00:07]} 24. Bc5+ {[%emt 0:00:05]} Kd7 {[%emt 0:00:04]} 25. Rd2 {[%emt 0:00:40]} g5 {[%emt 0:00:18]} 26. b4 {[%emt 0:00:26]} Ra3 {[%emt 0:00:07]} 27. b6 {[%emt 0:00:24]} Raa8 {[%emt 0:00:38]} 28. Rcc2 {[%emt 0:00:12]} h6 {[%emt 0:01:47]} 29. Ra2 {[%emt 0:00:02]} Kc6 {[%emt 0:00:11]} 30. Ra7 {[%emt 0:00:20]} f5 {[%emt 0:01:36]} 31. Rc2 {[%emt 0:00:16]} Rcb8 {[%emt 0:04:08]} 32. g3 {[%emt 0:03:02]} e5 {[%emt 0:00:36]} 33. Bd3 {[%emt 0:00:16]} Nf6 {[%emt 0:02:14]} 34. Rxa8 {[%emt 0:00:49]} Rxa8 {[%emt 0:00:56]} 35. Be7+ {[%emt 0:00:02]} Kd5 {[%emt 0:00:01]} 36. Bc4+ 1-0

[Event "RUS-ch Rapid Men 2018"]
[Site "Sochi"]
[Date "2018.10.05"]
[Round "5"]
[White "Moiseenko, Vadim"]
[Black "Kozak, Alexander"]
[Result "1-0"]
[WhiteElo "2492"]
[BlackElo "2262"]
[Annotator "TA"]
[PlyCount "73"]
[EventDate "2018.10.05"]
[EventType "swiss"]
[EventCountry "RUS"]
[SourceTitle "playchess.com"]
[Source "ChessBase"]
[SourceQuality "1"]

{[%evp 9,73,54,54,54,50,57,72,37,54,49,50,45,39,54,99,89,111,110,127,143,103,131,282,304,286,282,283,250,262,281,262,258,265,201,202,195,203,175,188,120,133,130,116,100,95,89,124,121,377,405,495,495,507,506,593,570,591,577,556,542,697,689,860,859,1032,1030]} 1. g3 e5 2. c4 f5 3. Bg2 Nf6 4. Nc3 c5 (4... c6 5. d4 e4 6. Nh3 d5 7. cxd5 cxd5 8. Bg5 Bb4 9. Qb3 Nc6 10. O-O Bxc3 11. bxc3 O-O 12. Nf4 Ne7 13. c4 dxc4 14. Qxc4+ {½-½ (72) Mchedlishvili,M (2601)-Yu,Y (2729) Doha 2016}) 5. e3 Nc6 6. Nge2 {A21: English Opening: 1...e5 2 Nc3} g6 $146 ({Predecessor:} 6... Be7 7. d4 d6 8. dxc5 dxc5 9. Bxc6+ bxc6 10. Qxd8+ Kxd8 11. b3 e4 12. Na4 {0-1 (47) Zueger,B (2420)-Lobron,E (2580) Moscow 1994}) 7. d4 e4 8. dxc5 {White is better.} Bxc5 9. O-O d6 10. b3 {[%cal Bb2b3,Bb3b4][%mdl 32]} O-O 11. Bb2 Be6 12. Nf4 $1 {[%cal Rf4e6]} Bf7 13. Ncd5 Ne5 14. b4 $1 {[%cal Rb4c5]} Bb6 15. c5 $1 {[%cal Rc5b6]} dxc5 $2 (15... g5 $16) 16. Nxb6 $18 Qxb6 17. Bxe5 cxb4 18. Qd6 Qxd6 19. Bxd6 Rfc8 20. Bxb4 Rc2 21. a3 g5 22. Nh3 h6 23. f3 {Black must now prevent fxe4.} a5 {[#]} 24. Bd6 ({White should play} 24. Be1 $1 $18) 24... exf3 $16 25. Bxf3 g4 26. Bxb7 Ra7 {[#]} 27. Bg2 $1 gxh3 28. Bxh3 Rd7 $2 {[%mdl 8192]} (28... Be6 $16 29. Bxf5 Bxf5) 29. Bxf5 $18 Rxd6 30. Bxc2 {White is clearly winning.} Kg7 31. Bf5 Bb3 32. a4 Nd5 33. Rfb1 Bc4 34. Rd1 Kf6 35. e4 Bb3 36. Rd3 Bc2 37. Rd2 {Precision: White = 64%, Black = 49%.} 1-0

[Event "RUS-ch Rapid Men 2018"]
[Site "Sochi"]
[Date "2018.10.05"]
[Round "5"]
[White "Hasangatin, Ramil"]
[Black "Matlakov, Maxim"]
[Result "1/2-1/2"]
[WhiteElo "2485"]
[BlackElo "2683"]
[Annotator "TA"]
[PlyCount "117"]
[EventDate "2018.10.05"]
[EventType "swiss"]
[EventCountry "RUS"]
[SourceTitle "playchess.com"]
[Source "ChessBase"]
[SourceQuality "1"]

{[%evp 17,117,19,22,18,21,33,36,36,55,34,79,16,39,38,90,0,0,-158,-163,-157,-167,-164,-125,-306,-291,-271,0,-154,-147,-146,-111,-107,0,0,0,0,8,12,5,0,0,-29,-23,-26,0,0,0,-11,0,0,0,0,0,0,20,0,0,0,0,-4,0,0,0,0,0,0,0,0,6,3,35,1,12,12,12,0,0,0,0,-11,-11,-14,-14,-14,-14,-14,-14,-14,-14,-14,-14,-14,-14,-14,-14,-14,-14,-14,-14,-14,-14,-14]} 1. e4 c5 2. Nf3 Nc6 3. Bb5 g6 4. O-O Bg7 5. c3 Nf6 6. Qa4 {B31: Sicilian: 2...Nc6 3 Bb5 g6} (6. Re1 O-O 7. h3 d6 8. d3 Bd7 9. Ba4 e5 10. Nbd2 Qc7 11. Nf1 Rad8 12. Bg5 h6 13. Bh4 Be6 14. Ne3 a6 15. Qc1 Ne7 16. Bxf6 Bxf6 {1-0 (55) Artemiev,V (2702)-Pridorozhni,A (2564) Ekaterinburg 2018}) 6... O-O 7. d4 cxd4 8. cxd4 d5 9. e5 Ne4 {LiveBook: 3 Games} 10. Bxc6 bxc6 11. Qxc6 Rb8 $146 ({Predecessor:} 11... Bg4 12. h3 Rc8 13. Qa4 Bxf3 14. gxf3 {1-0 (56) Anisimov,P (2476)-Martynenko,A (2385) St Petersburg 2005}) 12. Nbd2 Bf5 13. Qa4 Qc7 14. Qa3 (14. Nb3 $16) 14... f6 15. Nb3 Bg4 (15... g5 $14) 16. exf6 (16. h3 $16 Bh5 17. Be3) 16... Rxf6 $11 17. Ne5 $2 (17. Nbd2 $1 $11) 17... Be2 $17 18. Be3 {Threatens to win with Rfc1.} Bxf1 19. Rxf1 Qb7 $1 {aiming for ...Ra6.} 20. Na5 $2 (20. Nc1 $17 {was necessary.}) 20... Qxb2 $19 21. Qxe7 Rbf8 $2 (21... Qxa2 $19 22. Nb7 Nxf2 $1 {[%mdl 512]} 23. Bxf2 Rxf2 $1 {[%mdl 512]} 24. Rxf2 Qa1+ 25. Rf1 Qxd4+ 26. Kh1 Qxe5) 22. Ng4 $2 (22. Nd7 $11) 22... R6f7 $17 23. Qe6 Kh8 {Hoping for ...Qe2.} (23... Qxa2 $6 24. Nc6 $15) 24. Nc6 Qe2 ({Reject} 24... Qxa2 $6 25. Nce5 $11) ({Better is} 24... Qb7 $17 25. Nge5 Rf6 26. Qxd5 {[#]} Nxf2 $1 {[%mdl 512]}) 25. Nce5 $1 $11 {[%cal Re5f7]} Rf5 26. h3 Nd2 ({But not} 26... Qxa2 $6 27. Nh6 $16) 27. Rc1 Nc4 $1 $132 {[%cal Rc4e3][%mdl 2048] Black is not keeping still} 28. Nxc4 dxc4 29. Qxc4 (29. Qa6 {is interesting.} h5 30. Ne5 Bxe5 31. dxe5 Rxf2 32. Bxf2 Qxf2+ 33. Kh1) 29... Qxc4 30. Rxc4 Ra5 31. a4 Kg8 32. Nh6+ Kh8 33. Ng4 Rd5 34. Ne5 Kg8 35. Nc6 Rd7 36. d5 Re8 37. Bxa7 Rxd5 38. Be3 Bf6 (38... Rd1+ {with more complications.} 39. Kh2 Ra1 40. a5 Ra2 41. Bb6 Bf8) 39. a5 Ra8 40. g3 Rd6 41. Bb6 Kg7 42. Nb4 g5 43. Kg2 h5 44. Nc2 Kg6 {The position is equal.} 45. Ne3 Bd8 46. Bxd8 Raxd8 {[%mdl 4096] Endgame KRR-KRN} 47. Rc5 Rf8 {White should prevent ...Rd2.} 48. g4 hxg4 49. Nxg4 Rf5 50. Rxf5 Kxf5 {KR-KN} 51. Kg3 Rd4 52. Ne3+ Kg6 53. Ng4 Ra4 54. f3 Rxa5 55. h4 gxh4+ 56. Kxh4 Ra3 57. Kg3 Kg5 58. Nf2 Kf5 59. Ng4 {Precision: White = 56%, Black = 63%.} 1/2-1/2

[Event "RUS-ch Rapid Men 2018"]
[Site "Sochi"]
[Date "2018.10.05"]
[Round "5"]
[White "Gutenev, Alexander"]
[Black "Tomashevsky, Evgeny"]
[Result "0-1"]
[WhiteElo "2456"]
[BlackElo "2705"]
[Annotator "TA"]
[PlyCount "130"]
[EventDate "2018.10.05"]
[EventType "swiss"]
[EventCountry "RUS"]
[SourceTitle "playchess.com"]
[Source "ChessBase"]
[SourceQuality "1"]

{[%evp 18,130,41,43,40,0,28,40,30,14,41,0,0,0,41,49,77,66,73,76,96,34,22,27,39,26,35,-55,-55,-66,-64,-73,-66,-62,-56,-63,-63,-66,-63,-145,-145,-303,-294,-289,-256,-264,-280,-275,-250,-328,-225,-267,-206,-206,-206,-206,-206,-199,-199,-199,-199,-317,-316,-302,-297,-283,-274,-1584,-167,-1691,-156,-156,-156,-156,-156,-156,-156,-29963,-29965,-29964,-29964,-29963,-29964,-29964,-29966,-29974,-29975,-29974,-29974,-29975,-29975,-29974,-29974,-29974,-29975,-29973,-29967,-29968,-29969,-29961,-29960,-29961,-5810,-29980,-29981,-29981,-29982,-29982,-29983,-29983,-29984,-29984,-29983,-29985,-28]} 1. e4 c6 2. d4 d5 3. Nd2 dxe4 4. Nxe4 Nf6 5. Nxf6+ exf6 6. c3 Bd6 7. Bd3 O-O 8. Qc2 Re8+ {B15: Caro-Kann (Flohr-Variante)} 9. Ne2 h5 (9... g6 10. h4 Nd7 11. h5 Nf8 12. Be3 Be6 13. O-O-O a5 14. Kb1 a4 15. hxg6 fxg6 16. c4 Bf7 17. Nc3 a3 18. b3 f5 {0-1 (29) Saric,I (2669)-Jobava,B (2690) Riadh 2017}) 10. Be3 {LiveBook: 27 Partien} Be6 {Weiß steht etwas besser.} 11. O-O-O $146 ({Vorgänger:} 11. c4 Na6 12. a3 Qa5+ 13. Bd2 Nb4 14. Bxb4 Bxb4+ 15. Kf1 Bf8 16. h4 Rad8 {0-1 (34) Guliyev,N (2547)-Moussard,J (2570) Orsay 2018}) 11... Qa5 12. a3 Nd7 {[%cal Bb8d7,Bd7f8,Bf8e6][%mdl 32]} 13. Kb1 b5 14. Nf4 Bxf4 15. Bxf4 Bd5 16. Rhg1 Nf8 17. g4 hxg4 18. Rxg4 Qa4 ({Doch nicht} 18... Bf3 19. Rxg7+ Kxg7 20. Rg1+ Kh8 21. Rg3 $11) 19. Rdg1 (19. Qxa4 $16 bxa4 20. Rgg1) 19... Qxc2+ $14 20. Kxc2 g6 21. Be3 Ne6 22. Kd2 (22. a4 $14) 22... Kf8 $1 $15 23. Rh4 f5 $1 24. Bf4 Nxf4 25. Rxf4 Ke7 26. Re1+ Kf6 27. Rxe8 Rxe8 {[%mdl 4096] Endspiel KTL-KTL} 28. h4 (28. Rh4 $15) 28... a5 $17 29. Be2 $2 (29. Bc2 $17) 29... g5 $1 $19 {[%cal Rg5f4]} 30. hxg5+ Kxg5 31. Rf3 Bxf3 32. Bxf3 {KT-KL} Re6 33. Kd3 Kf6 34. b4 axb4 35. axb4 Ke7 36. d5 cxd5 37. Bxd5 Ra6 38. Kd4 f6 39. Bg2 (39. f3 $142) 39... Ra2 40. Bf1 Rxf2 41. Bxb5 f4 42. Bd3 $2 (42. Bc6) 42... Rb2 $2 (42... Rd2 43. Ke4 f5+ $1 {[%mdl 512]} 44. Kd4 Rd1) 43. b5 $2 (43. Ke4) 43... f3 $2 (43... Rd2 $19 {ist viel giftiger.} 44. b6 Kd6) 44. Ke3 $17 f2 {...Tc2! ist eine echte Drohung.} 45. Be2 {[#]} Rb3 $1 {[%cal Rb3c3]} 46. Kxf2 Rxc3 {Weiss muss nun ...Ta3 beachten.} 47. Ke1 $2 (47. Bf3 $17) 47... Kd6 48. Kd2 Rh3 49. Bd3 Kc5 50. Ke2 Rg3 51. Kd2 Kd4 52. Bf1 Rf3 53. Be2 Ra3 54. Bg4 Ra2+ 55. Kc1 Kc5 56. Bd7 Ra7 57. Bc6 Re7 58. Kd2 f5 {[%cal Bf6f5,Bf5f4,Bf4f3][%mdl 32]} 59. Kd3 f4 60. Kd2 Re3 {Schwarz setzt Matt.} 61. Bd7 Kd4 62. b6 Rb3 63. Ke2 f3+ 64. Kf2 {[#]} Ke4 $1 65. Kg3 Ke5 $2 {[%mdl 32768] Precision: Weiß = 44%, Schwarz = 61%. . Sensor Board Error (Ke4/e5)?} (65... Rxb6 {setzt Matt} 66. Bh3 Ke3 67. Kg4 Rb1 68. Kg5 Rg1+ 69. Kf6 f2 70. Ke6 Kf4 71. Ke7 Kg3 72. Bf5 f1=Q 73. Bd7 Qe2+ 74. Kd8 Qe5 75. Ba4 Qd6+ 76. Kc8 Rc1+ 77. Bc2 Rxc2+ 78. Kb7 Qb4+ 79. Ka8 Ra2#) 0-1